[Event "XIX Festival A"]
[Site "Asti ITA"]
[Date "1998.12.06"]
[Round "2"]
[White "Zak, Uriel"]
[Black "Flear, Glenn Curtis"]
[Result "0-1"]
[WhiteElo "2355"]
[BlackElo "2450"]
[PlyCount "108"]
[EventDate "1998.12.05"]

1.Nf3 d5 2.b3 Bg4 3.Bb2 Nd7 4.g3 e6 5.Bg2 Ngf6 6.O-O Bd6 7.c4 O-O 8.d3 Re8
9.Nbd2 c6 10.Qc2 h6 11.Rfe1 e5 12.h3 Be6 13.e4 dxe4 14.Nxe4 Nxe4 15.Rxe4 
Bf5 16.Re2 Re6 17.Rae1 Qc7 18.Qc3 Rae8 19.d4 exd4 20.Qxd4 Bf8 21.Rxe6 Bxe6
22.Nh4 Qb6 23.Qd1 Rd8 24.Qc2 Qa5 25.Kf1 Nc5 26.Bc3 Qc7 27.Rd1 Qc8 28.g4 
Qc7 29.Nf3 Rxd1+ 30.Qxd1 Bc8 31.Qd4 a6 32.Ne5 Ne6 33.Qe4 Bd6 34.Nd3 Qe7 
35.b4 Qg5 36.a4 h5 37.Be1 hxg4 38.hxg4 Bd7 39.f3 Qf6 40.Qe3 Nf4 41.Nxf4 
Bxf4 42.Qd3 Be6 43.Bc3 Be5 44.Bxe5 Qxe5 45.c5 g6 46.Qd2 Qa1+ 47.Kf2 Qxa4 
48.Qd8+ Kg7 49.Qb6 Qb3 50.Kg3 Bd5 51.g5 Qb2 52.Bh1 Qe5+ 53.Kf2 Qxg5 54.
Qxb7 Qh4+ 0-1

[Event "XIX Festival A"]
[Site "Asti ITA"]
[Date "1998.12.07"]
[Round "3"]
[White "Barberi, Alessandro"]
[Black "Cantore, Alberto"]
[Result "1-0"]
[WhiteElo "2160"]
[BlackElo "2195"]
[PlyCount "69"]
[EventDate "1998.12.05"]

1.d4 d5 2.c4 c6 3.Nf3 Nf6 4.Nc3 Bf5 5.g3 e6 6.Bg2 Be7 7.O-O Nbd7 8.Nh4 Bg4
9.h3 Bh5 10.g4 Bxg4 11.hxg4 Nxg4 12.Nf3 Qc7 13.Qd3 dxc4 14.Qxc4 Nb6 15.Qd3
h5 16.Qe4 g5 17.Bd2 Nc4 18.Rfc1 Nxd2 19.Nxd2 Qh2+ 20.Kf1 Qh4 21.Nd1 Bb4 
22.Nf3 Nh2+ 23.Nxh2 Qxh2 24.d5 h4 25.dxc6 h3 26.Bf3 Rh4 27.cxb7 Rd8 28.
Qc6+ Kf8 29.Rc4 Rxc4 30.Qxc4 Qd6 31.Qc8 Kg7 32.Ne3 g4 33.Bxg4 h2 34.Kg2 
Ba5 35.Rd1 1-0

[Event "XIX Festival A"]
[Site "Asti ITA"]
[Date "1998.12.07"]
[Round "3"]
[White "Borgo, Giulio"]
[Black "Naumkin, Igor"]
[Result "1/2-1/2"]
[WhiteElo "2445"]
[BlackElo "2475"]
[PlyCount "25"]
[EventDate "1998.12.05"]

1.e4 e5 2.Nf3 Nc6 3.Bb5 a6 4.Ba4 Nf6 5.O-O Nxe4 6.d4 b5 7.Bb3 d5 8.dxe5 
Be6 9.Nbd2 Nc5 10.c3 d4 11.Bxe6 Nxe6 12.cxd4 Ncxd4 13.a4 1/2-1/2

[Event "XIX Festival A"]
[Site "Asti ITA"]
[Date "1998.12.07"]
[Round "3"]
[White "Castaldo, Folco"]
[Black "Quagliana, Giuseppe"]
[Result "1-0"]
[WhiteElo "2180"]
[BlackElo "1890"]
[PlyCount "51"]
[EventDate "1998.12.05"]

1.e4 e6 2.d4 d5 3.Nd2 dxe4 4.Nxe4 Qd5 5.Bd3 Nf6 6.Nxf6+ gxf6 7.Nf3 Nd7 8.
Bf4 Bd6 9.c4 Qa5+ 10.Bd2 Bb4 11.O-O Bxd2 12.Nxd2 Qg5 13.f4 Qg7 14.d5 Nc5 
15.Ne4 Nxe4 16.Bxe4 f5 17.Bf3 O-O 18.Qd2 a5 19.Rac1 Ra7 20.Rc3 Kh8 21.Be2 
Rg8 22.Rg3 Qf6 23.Rxg8+ Kxg8 24.Rf3 a4 25.d6 Bd7 26.dxc7 1-0

[Event "XIX Festival A"]
[Site "Asti ITA"]
[Date "1998.12.07"]
[Round "3"]
[White "Cavatorta, Fosco"]
[Black "Malano, Francesco"]
[Result "1/2-1/2"]
[WhiteElo "1923"]
[BlackElo "2050"]
[PlyCount "102"]
[EventDate "1998.12.05"]

1.d4 Nf6 2.Nf3 b6 3.Bf4 Bb7 4.e3 e6 5.Bd3 Ne4 6.O-O f5 7.Ne5 Nf6 8.a4 Be7 
9.a5 bxa5 10.c3 O-O 11.Nd2 d6 12.Nef3 Nd5 13.Qe2 g5 14.Bg3 Qd7 15.e4 Nxc3 
16.bxc3 f4 17.Rxa5 Nc6 18.Rb5 Nd8 19.Nxg5 fxg3 20.Qg4 gxh2+ 21.Kxh2 Bxg5 
22.Rxg5+ Kh8 23.e5 Nf7 24.Rg7 Nxe5 25.Rxd7 Nxg4+ 26.Kg1 Nf6 27.Rxc7 Bc8 
28.Ne4 Ne8 29.Re7 a5 30.Ng5 Nf6 31.Nxh7 Nxh7 32.Rxh7+ Kg8 33.Re1 Rf7 34.
Rxf7 Kxf7 35.Ra1 Kf6 36.f3 e5 37.Be4 Ra7 38.Kf2 Ke6 39.g4 Kf6 40.Ke3 Kf7 
41.Rh1 a4 42.Rh6 Ke7 43.Bd5 a3 44.Rh2 Ra5 45.Bc4 Kf6 46.dxe5+ dxe5 47.Rd2 
Ke7 48.g5 Rc5 49.Ba2 Rxc3+ 50.Ke4 Be6 51.Kxe5 Bxa2 1/2-1/2

[Event "XIX Festival A"]
[Site "Asti ITA"]
[Date "1998.12.07"]
[Round "3"]
[White "Cebalo, Miso"]
[Black "Flear, Glenn Curtis"]
[Result "0-1"]
[WhiteElo "2535"]
[BlackElo "2450"]
[PlyCount "70"]
[EventDate "1998.12.05"]

1.d4 d5 2.Nf3 Nf6 3.c4 dxc4 4.e3 e6 5.Bxc4 c5 6.O-O a6 7.a3 b5 8.Ba2 Bb7 
9.Nc3 Nbd7 10.Re1 Be7 11.e4 cxd4 12.Nxd4 Ne5 13.Bf4 Ng6 14.Bg3 O-O 15.e5 
Nd5 16.Bxd5 Bxd5 17.Qg4 Rc8 18.Rad1 Rc4 19.Nxd5 Qxd5 20.b3 Rc3 21.h4 h5 
22.Qxh5 Rxg3 23.fxg3 Bc5 24.Kh2 Bxd4 25.Qg5 Rc8 26.Re2 Be3 27.Rxd5 Bxg5 
28.Rd6 Bc1 29.Rxa6 Rc5 30.Ra5 Nxe5 31.a4 Ng4+ 32.Kh3 f5 33.Rxb5 Rc3 34.Rb4
Bf4 35.Rxf4 Rc1 0-1

[Event "XIX Festival A"]
[Site "Asti ITA"]
[Date "1998.12.07"]
[Round "3"]
[White "Cugini, Verter"]
[Black "Zak, Uriel"]
[Result "1-0"]
[WhiteElo "2190"]
[BlackElo "2355"]
[PlyCount "131"]
[EventDate "1998.12.05"]

1.e4 d5 2.exd5 Qxd5 3.Nc3 Qa5 4.d4 Nf6 5.Nf3 c6 6.Bc4 Bf5 7.O-O e6 8.Bf4 
Bb4 9.Bd2 Bg4 10.a3 Bxc3 11.Bxc3 Qc7 12.Qd3 Nbd7 13.Ne5 Bf5 14.Qg3 Nxe5 
15.dxe5 Ne4 16.Qe3 Qb6 17.Qxb6 axb6 18.Bb4 O-O-O 19.Rfd1 Nc5 20.Bxc5 bxc5 
21.Bb3 c4 22.Bxc4 Bxc2 23.Re1 Rd2 24.b4 Rhd8 25.g3 R8d4 26.Bf1 Bd3 27.Re3 
Kc7 28.Rae1 Kb6 29.Rf3 Bf5 30.Rfe3 g5 31.h3 h5 32.Be2 h4 33.Kg2 hxg3 34.
Kxg3 Rf4 35.f3 Rfd4 36.Ra1 Rb2 37.Bf1 Rdd2 38.Rae1 Kc7 39.h4 gxh4+ 40.Kxh4
Rh2+ 41.Kg3 Rh1 42.R1e2 Rb1 43.Bg2 Rhd1 44.f4 Bd3 45.Rf2 Bf5 46.Bf3 Rg1+ 
47.Rg2 Rh1 48.Bg4 Bxg4 49.Kxg4 Rh8 50.Kf3 Rf1+ 51.Ke4 Kb6 52.Rgg3 Rh4 53.
Rgf3 Rxf3 54.Rxf3 Rh5 55.Rd3 Kc7 56.Rg3 Kb6 57.Rg7 Rf5 58.Rg1 Kb5 59.Rd1 
Ka4 60.Rd7 b6 61.Rb7 c5 62.Rxb6 c4 63.Rc6 Kb3 64.b5 c3 65.b6 Rh5 66.b7 1-0

[Event "XIX Festival A"]
[Site "Asti ITA"]
[Date "1998.12.07"]
[Round "3"]
[White "Dubois, Martine"]
[Black "Ranieri, Fabrizio"]
[Result "1/2-1/2"]
[WhiteElo "2045"]
[BlackElo "2165"]
[PlyCount "25"]
[EventDate "1998.12.05"]

1.e4 e6 2.Qe2 c5 3.Nf3 Nf6 4.g3 Be7 5.Bg2 d5 6.d3 Nc6 7.O-O O-O 8.e5 Nd7 
9.c4 Nb6 10.h4 Bd7 11.Bf4 Nd4 12.Nxd4 cxd4 13.Nd2 1/2-1/2

[Event "XIX Festival A"]
[Site "Asti ITA"]
[Date "1998.12.07"]
[Round "3"]
[White "Pepino, Enrico"]
[Black "Faraoni, Enrico"]
[Result "1/2-1/2"]
[WhiteElo "1903"]
[BlackElo "2190"]
[PlyCount "42"]
[EventDate "1998.12.05"]

1.e4 c5 2.Nf3 d6 3.d4 cxd4 4.Nxd4 Nf6 5.Nc3 g6 6.Be3 Bg7 7.f3 O-O 8.Qd2 
Nc6 9.Bc4 Bd7 10.O-O-O Rc8 11.Bb3 Ne5 12.h4 h5 13.Bg5 Rc5 14.g4 hxg4 15.f4
Nc4 16.Bxc4 Rxc4 17.Bxf6 Bxf6 18.e5 dxe5 19.fxe5 Bxe5 20.Nde2 Qb6 21.Qxd7 
Rfc8 1/2-1/2

[Event "XIX Festival A"]
[Site "Asti ITA"]
[Date "1998.12.07"]
[Round "3"]
[White "Sulava, Nenad"]
[Black "Lazarev, Vladimir"]
[Result "1/2-1/2"]
[WhiteElo "2380"]
[BlackElo "2450"]
[PlyCount "60"]
[EventDate "1998.12.05"]

1.Nf3 c5 2.g3 Nc6 3.Bg2 g6 4.c4 Bg7 5.Nc3 e6 6.d4 cxd4 7.Nb5 d5 8.cxd5 
Qa5+ 9.Nd2 exd5 10.Nd6+ Kf8 11.O-O Nge7 12.b4 Nxb4 13.Qb3 Nbc6 14.Ba3 d3 
15.Qxd3 Bxa1 16.Rxa1 Kg7 17.e4 d4 18.N2c4 Qh5 19.Rb1 a6 20.Nb6 Be6 21.Nxa8
Rxa8 22.Rxb7 Kg8 23.Qd2 Bh3 24.Bxh3 Qxh3 25.Nxf7 Re8 26.Qf4 Qe6 27.Nh6+ 
Kg7 28.Qg5 Qxe4 29.Ng4 Qe6 30.h4 h5 1/2-1/2

[Event "XIX Festival A"]
[Site "Asti ITA"]
[Date "1998.12.07"]
[Round "3"]
[White "Trabert, Bettina"]
[Black "Arlandi, Ennio"]
[Result "1/2-1/2"]
[WhiteElo "2225"]
[BlackElo "2440"]
[PlyCount "74"]
[EventDate "1998.12.05"]

1.e4 c5 2.c3 d5 3.exd5 Qxd5 4.d4 Nf6 5.Nf3 Bg4 6.Be2 e6 7.O-O Nc6 8.h3 Bh5
9.Be3 cxd4 10.Nxd4 Bxe2 11.Qxe2 Nxd4 12.Bxd4 Be7 13.Nd2 O-O 14.Nf3 Rfd8 
15.Rfd1 Qe4 16.Qxe4 Nxe4 17.c4 b6 18.Kf1 Rac8 19.Rac1 Kf8 20.Ke2 f6 21.Be3
Rxd1 22.Kxd1 e5 23.Ke2 Kf7 24.Nd2 Nc5 25.b3 f5 26.f3 Ne6 27.Nb1 Bc5 28.Rd1
Bxe3 29.Kxe3 Rd8 30.Rxd8 Nxd8 31.Nc3 Nc6 32.Nd5 Ke6 33.Kd3 Kd6 34.a3 h5 
35.b4 h4 36.Ne3 Ne7 37.Kc3 g6 1/2-1/2

[Event "XIX Festival A"]
[Site "Asti ITA"]
[Date "1998.12.07"]
[Round "3"]
[White "Venturino, Marco"]
[Black "Frank, Albert"]
[Result "1-0"]
[WhiteElo "2146"]
[BlackElo "2020"]
[PlyCount "66"]
[EventDate "1998.12.05"]

1.c4 b6 2.Nc3 Bb7 3.d4 e6 4.e4 d6 5.Bd3 Nd7 6.Nf3 g6 7.O-O Bg7 8.Be3 Ne7 
9.Re1 a6 10.Qe2 h6 11.h4 Kf8 12.Rad1 Qe8 13.Bc2 Rd8 14.Ba4 f6 15.Bf4 g5 
16.Bg3 e5 17.dxe5 fxe5 18.Rd3 b5 19.cxb5 Nc5 20.bxa6 Nxa4 21.axb7 Nc5 22.
Rdd1 g4 23.Nh2 h5 24.f3 gxf3 25.Nxf3 Bh6 26.Rf1 Kg7 27.Nxe5 dxe5 28.Bxe5+ 
Kh7 29.Rxd8 Qxd8 30.Rf7+ Kg8 31.Qc4 Be3+ 32.Kh1 Nd5 33.b8=Q Qxb8 1-0

[Event "XIX Festival A"]
[Site "Asti ITA"]
[Date "1998.12.08"]
[Round "4"]
[White "Arlandi, Ennio"]
[Black "Pepino, Enrico"]
[Result "1-0"]
[WhiteElo "2440"]
[BlackElo "1903"]
[PlyCount "49"]
[EventDate "1998.12.05"]

1.d4 Nf6 2.c4 g6 3.Nc3 Bg7 4.e4 d6 5.f3 O-O 6.Be3 Nbd7 7.Nh3 c5 8.Nf2 a6 
9.Be2 Rb8 10.O-O Qc7 11.Qd2 Rd8 12.Rfd1 b6 13.d5 Ne5 14.h3 Ned7 15.Bg5 b5 
16.cxb5 c4 17.a4 Re8 18.Rac1 Qa5 19.Bxc4 Nb6 20.Bf1 axb5 21.Bxb5 Bd7 22.b3
Rec8 23.Bxd7 Nfxd7 24.Nb5 Qxd2 25.Bxd2 1-0

[Event "XIX Festival A"]
[Site "Asti ITA"]
[Date "1998.12.08"]
[Round "4"]
[White "Cantore, Alberto"]
[Black "Dubois, Martine"]
[Result "1-0"]
[WhiteElo "2195"]
[BlackElo "2045"]
[PlyCount "115"]
[EventDate "1998.12.05"]

1.c4 g6 2.Nc3 Bg7 3.d4 Nf6 4.e4 O-O 5.Nf3 d6 6.Be2 Nc6 7.d5 Ne5 8.Nxe5 
dxe5 9.Be3 Ne8 10.O-O f5 11.exf5 gxf5 12.f4 exf4 13.Bxf4 c6 14.Qd2 e5 15.
Bg5 Qc7 16.c5 cxd5 17.Qxd5+ Kh8 18.Bd8 Qc6 19.Be7 Qxd5 20.Nxd5 Rg8 21.Rad1
Bh6 22.Bb5 Be6 23.Bxe8 Raxe8 24.Bd6 Bd7 25.Ne7 Be3+ 26.Kh1 Rg7 27.Nxf5 
Bxf5 28.Rxf5 Bd4 29.b3 Rg4 30.Re1 e4 31.h3 Rg6 32.g4 e3 33.Re2 b6 34.Rd5 
bxc5 35.Bxc5 Bxc5 36.Rxc5 Rd6 37.Kg2 Rd2 38.Kf3 Rd3 39.Rc4 Rd2 40.Rxd2 
exd2 41.Rd4 Rf8+ 42.Ke2 h5 43.gxh5 Rf5 44.Rxd2 Rxh5 45.Rd3 a5 46.Rg3 Rh4 
47.Kd3 a4 48.Kc3 Rf4 49.Kb2 Rh4 50.Ka3 Rf4 51.b4 Rf2 52.b5 Kh7 53.Rg4 Rf3+
54.Kxa4 Rxh3 55.b6 Rh2 56.a3 Rh6 57.b7 Ra6+ 58.Kb5 1-0

[Event "XIX Festival A"]
[Site "Asti ITA"]
[Date "1998.12.08"]
[Round "4"]
[White "Castaldo, Folco"]
[Black "Barberi, Alessandro"]
[Result "1-0"]
[WhiteElo "2180"]
[BlackElo "2160"]
[PlyCount "79"]
[EventDate "1998.12.05"]

1.e4 g6 2.d4 Bg7 3.Nc3 c6 4.Nf3 d6 5.h3 b5 6.a3 Nd7 7.Be2 Bb7 8.O-O a5 9.
d5 b4 10.dxc6 bxc3 11.cxb7 Rb8 12.b3 Ngf6 13.Nd4 Rxb7 14.Bc4 Qb6 15.Be3 
Nc5 16.Bb5+ Nfd7 17.b4 O-O 18.Rb1 axb4 19.axb4 Nxe4 20.Bxd7 Rxd7 21.Ne6 
Qb5 22.Nxf8 Bxf8 23.Qd4 f5 24.Ra1 e5 25.Qb6 Qxb6 26.Bxb6 Nd2 27.Rfd1 d5 
28.b5 Nc4 29.Ba5 Na3 30.Bxc3 d4 31.b6 Rb7 32.Ba5 Nxc2 33.Rac1 Bb4 34.Rxc2 
Bxa5 35.Rc5 Bxb6 36.Rb5 d3 37.Kf1 e4 38.Rdb1 Bxf2 39.Rxb7 e3 40.Rd7 1-0

[Event "XIX Festival A"]
[Site "Asti ITA"]
[Date "1998.12.08"]
[Round "4"]
[White "Faraoni, Enrico"]
[Black "Venturino, Marco"]
[Result "1-0"]
[WhiteElo "2190"]
[BlackElo "2146"]
[PlyCount "83"]
[EventDate "1998.12.05"]

1.e4 c5 2.Nc3 Nc6 3.f4 g6 4.Bc4 Bg7 5.Nf3 e6 6.O-O Nge7 7.f5 d5 8.Bb5 d4 
9.f6 Bxf6 10.e5 Bg7 11.Ne4 O-O 12.Nf6+ Kh8 13.Ng5 h6 14.Ngh7 Nxe5 15.Nxf8 
Qxf8 16.Qe1 N5c6 17.Bxc6 bxc6 18.Ng4 f6 19.d3 Nf5 20.Nf2 Nd6 21.Ne4 Nxe4 
22.Qxe4 Qe8 23.Bd2 f5 24.Qh4 Kh7 25.Rae1 Bd7 26.Rf3 Qd8 27.Qf2 e5 28.Qg3 
Qf6 29.Rff1 Re8 30.Re2 Be6 31.c4 e4 32.Rxe4 Bd7 33.Rxe8 Bxe8 34.Re1 Bf7 
35.Qc7 g5 36.Re7 Bg6 37.Qxa7 f4 38.Qxc5 Bxd3 39.a4 f3 40.Be1 fxg2 41.Bf2 
Bxc4 42.Rxg7+ 1-0

[Event "XIX Festival A"]
[Site "Asti ITA"]
[Date "1998.12.08"]
[Round "4"]
[White "Flear, Glenn Curtis"]
[Black "Borgo, Giulio"]
[Result "1/2-1/2"]
[WhiteElo "2450"]
[BlackElo "2445"]
[PlyCount "96"]
[EventDate "1998.12.05"]

1.d4 d5 2.c4 e6 3.Nf3 Nf6 4.g3 Be7 5.Bg2 O-O 6.O-O Nbd7 7.Qc2 c6 8.Nbd2 b6
9.b3 Bb7 10.Bb2 Rc8 11.e4 Qc7 12.Rfe1 Rfd8 13.Rad1 h6 14.Qb1 dxe4 15.Nxe4 
Nxe4 16.Qxe4 c5 17.d5 Bf6 18.Bc1 b5 19.Qg4 exd5 20.cxd5 Nb6 21.Bxh6 Bxd5 
22.Bg5 Bxf3 23.Bxf3 Bxg5 24.Qxg5 Rxd1 25.Bxd1 Qd8 26.Qg4 Nd5 27.Bc2 Nf6 
28.Qf5 g6 29.Qg5 Kg7 30.h4 Qd5 31.Re5 Qd6 32.Re3 Qd2 33.Bxg6 Qd1+ 34.Kg2 
Qd5+ 35.Be4+ Qxg5 36.hxg5 Nxe4 37.Rxe4 c4 38.bxc4 bxc4 39.Re2 Kg6 40.f4 
Kf5 41.Kf3 c3 42.Rc2 Rc7 43.g4+ Kg6 44.Ke4 Rc4+ 45.Ke3 a5 46.Kf3 Rc7 47.
Ke4 Rc4+ 48.Kf3 Kg7 1/2-1/2

[Event "XIX Festival A"]
[Site "Asti ITA"]
[Date "1998.12.08"]
[Round "4"]
[White "Frank, Albert"]
[Black "Cavatorta, Fosco"]
[Result "0-1"]
[WhiteElo "2020"]
[BlackElo "1923"]
[PlyCount "58"]
[EventDate "1998.12.05"]

1.e4 Nc6 2.d4 e5 3.d5 Nce7 4.Nc3 Ng6 5.Be3 Nf6 6.g3 Bb4 7.Bg2 Bxc3+ 8.bxc3
d6 9.Bf3 h6 10.h4 Bd7 11.Rb1 Qc8 12.c4 b6 13.Qd3 O-O 14.Ne2 Ng4 15.h5 Ne7 
16.Bd2 Nf6 17.Qa3 Nh7 18.Rg1 f5 19.exf5 Nxf5 20.g4 Nd4 21.Nxd4 exd4 22.Kd1
Qd8 23.Rg3 Ng5 24.Bxg5 Qxg5 25.Qd3 Rf4 26.Rb3 Raf8 27.Qg6 Qxg6 28.hxg6 
Rxf3 29.Rgxf3 Rxf3 0-1

[Event "XIX Festival A"]
[Site "Asti ITA"]
[Date "1998.12.08"]
[Round "4"]
[White "Lazarev, Vladimir"]
[Black "Cugini, Verter"]
[Result "1/2-1/2"]
[WhiteElo "2450"]
[BlackElo "2190"]
[PlyCount "85"]
[EventDate "1998.12.05"]

1.d4 d6 2.c4 e5 3.Nf3 Bg4 4.Qb3 Bxf3 5.Qxf3 Nc6 6.d5 Nce7 7.Nc3 g6 8.g4 
Bg7 9.e4 Nf6 10.Be3 O-O 11.Qg3 Nd7 12.Bd3 Nc5 13.Bc2 a5 14.h4 f5 15.gxf5 
gxf5 16.Rg1 Rf7 17.exf5 Qf8 18.Qg4 Nxf5 19.Qh5 Kh8 20.O-O-O Bh6 21.Bg5 
Bxg5+ 22.hxg5 Nd4 23.Bg6 Rg7 24.Rh1 Qg8 25.Bb1 Rxg5 26.Qxh7+ Qxh7 27.Rxh7+
Kg8 28.Rdh1 Rf8 29.Rxc7 Rxf2 30.Rc8+ Rf8 31.Bh7+ Kg7 32.Rc7+ Rf7 33.Rc8 
Rf8 34.Rxf8 Kxf8 35.Ne4 Nxe4 36.Bxe4 Rg4 37.Re1 Ke7 38.Kd2 Rh4 39.Kc3 Rh3+
40.Kd2 Rh2+ 41.Kc3 Re2 42.Rxe2 Nxe2+ 43.Kd2 1/2-1/2

[Event "XIX Festival A"]
[Site "Asti ITA"]
[Date "1998.12.08"]
[Round "4"]
[White "Malano, Francesco"]
[Black "Quagliana, Giuseppe"]
[Result "1-0"]
[WhiteElo "2050"]
[BlackElo "1890"]
[PlyCount "137"]
[EventDate "1998.12.05"]

1.f4 d5 2.Nf3 g6 3.e3 Bg7 4.Be2 c5 5.O-O Nh6 6.Ne5 O-O 7.d4 cxd4 8.exd4 
Nf5 9.c3 Nd7 10.Bd3 Nd6 11.Nd2 e6 12.Qe2 Nf6 13.g4 b6 14.Rf3 Bb7 15.Nf1 
Nfe4 16.Rh3 f6 17.Nf3 Qe7 18.Ng3 Rf7 19.Be3 f5 20.gxf5 exf5 21.Bxe4 Nxe4 
22.Nxe4 fxe4 23.Ng5 Bc8 24.Rxh7 Rf5 25.Qg4 Rxg5 26.Rxg7+ Kxg7 27.Qxg5 
Qxg5+ 28.fxg5 Be6 29.Bf4 Rf8 30.Be5+ Kf7 31.Rf1+ Bf5 32.Rf4 Ke6 33.Kf2 Rf7
34.Kg3 b5 35.Rh4 Kd7 36.Bf6 Kc6 37.Kf4 a5 38.a3 b4 39.axb4 axb4 40.Rh6 
bxc3 41.bxc3 Kb5 42.h4 Rf8 43.h5 Rg8 44.Rh8 Rxh8 45.Bxh8 gxh5 46.Kxf5 e3 
47.Be5 h4 48.g6 e2 49.g7 e1=Q 50.g8=Q Qe4+ 51.Ke6 Kc4 52.Qc8+ Kd3 53.Qc6 
h3 54.Qxd5 Qg6+ 55.Ke7 Qh7+ 56.Qf7 Qh4+ 57.Qf6 Qh7+ 58.Ke6 Kxc3 59.d5+ Kc4
60.d6 h2 61.Qf4+ Kc5 62.Qd4+ Kb5 63.Qb2+ Kc6 64.Qc3+ Kb5 65.Qb3+ Kc5 66.
Qd5+ Kb4 67.Qd2+ Kc5 68.Qxh2 Qg8+ 69.Ke7 1-0

[Event "XIX Festival A"]
[Site "Asti ITA"]
[Date "1998.12.08"]
[Round "4"]
[White "Naumkin, Igor"]
[Black "Trabert, Bettina"]
[Result "1-0"]
[WhiteElo "2475"]
[BlackElo "2225"]
[PlyCount "101"]
[EventDate "1998.12.05"]

1.d4 d5 2.c4 e6 3.Nc3 c6 4.e3 Nf6 5.Nf3 Nbd7 6.Qc2 Bd6 7.Bd3 O-O 8.O-O Qe7
9.c5 Bc7 10.e4 dxe4 11.Nxe4 Nxe4 12.Bxe4 h6 13.Re1 Nf6 14.Bd3 Rd8 15.Bd2 
Bd7 16.Rad1 Be8 17.Qc1 Nd5 18.Ne5 Qf8 19.Bb1 f5 20.a3 Qf6 21.Re2 Bh5 22.f3
Qh4 23.Qc4 Bxe5 24.Rxe5 Bf7 25.g3 Qf6 26.Rde1 Rd7 27.Ba2 Kh7 28.Qd3 g6 29.
h4 Rad8 30.Kg2 Nc7 31.Qe3 Qg7 32.Ba5 Bg8 33.h5 gxh5 34.Bxc7 Rxc7 35.Qf4 
Qg5 36.Rxf5 Qxf4 37.Rxf4 Re7 38.Re5 Bf7 39.Rfe4 Rde8 40.f4 Kg7 41.f5 Kf6 
42.Rf4 Bg8 43.fxe6+ Kg6 44.Rfe4 Rf8 45.d5 cxd5 46.Rxd5 Rfe8 47.Rd6 Kf6 48.
b4 a6 49.Kf3 Bxe6 50.Kf4 Kf7 51.Rdxe6 1-0

[Event "XIX Festival A"]
[Site "Asti ITA"]
[Date "1998.12.08"]
[Round "4"]
[White "Sulava, Nenad"]
[Black "Cebalo, Miso"]
[Result "1/2-1/2"]
[WhiteElo "2380"]
[BlackElo "2535"]
[PlyCount "79"]
[EventDate "1998.12.05"]

1.d4 Nf6 2.c4 g6 3.Nc3 Bg7 4.e4 d6 5.h3 O-O 6.Be3 Na6 7.Nge2 c5 8.g4 cxd4 
9.Bxd4 Qa5 10.Ng3 Be6 11.a3 Rfc8 12.b4 Qd8 13.g5 Nd7 14.Bxg7 Kxg7 15.Nd5 
Bxd5 16.exd5 Qh8 17.Rc1 Kg8 18.Qd2 Nab8 19.Be2 a5 20.O-O axb4 21.axb4 Ra3 
22.Kg2 b6 23.h4 Rc7 24.h5 Rca7 25.hxg6 hxg6 26.Qf4 Rb3 27.Rh1 Qg7 28.Rh6 
Ra1 29.Rxa1 Qxa1 30.Bg4 Nf8 31.c5 bxc5 32.bxc5 dxc5 33.d6 e6 34.Ne4 Nbd7 
35.Nf6+ Kg7 36.Ne8+ Kg8 37.Nf6+ Kg7 38.Ne8+ Kg8 39.Nf6+ Kg7 40.Ne8+ 
1/2-1/2

[Event "XIX Festival A"]
[Site "Asti ITA"]
[Date "1998.12.08"]
[Round "4"]
[White "Zak, Uriel"]
[Black "Ranieri, Fabrizio"]
[Result "1-0"]
[WhiteElo "2355"]
[BlackElo "2165"]
[PlyCount "73"]
[EventDate "1998.12.05"]

1.d4 e6 2.Nf3 d5 3.c4 c6 4.Qc2 Nf6 5.Nbd2 Nbd7 6.g3 Be7 7.Bg2 O-O 8.O-O b6
9.e4 Nxe4 10.Nxe4 dxe4 11.Qxe4 Bb7 12.Bf4 Nf6 13.Qe2 c5 14.Rad1 cxd4 15.
Nxd4 Bxg2 16.Kxg2 Qc8 17.Qf3 Qxc4 18.Nc6 Bc5 19.b4 Bxb4 20.Rd4 Qxa2 21.
Nxb4 Qb2 22.Nc6 Nd5 23.Be5 f6 24.Bd6 Rfe8 25.Rc4 Rac8 26.Rfc1 a5 27.Ba3 
Qd2 28.Rd4 Qg5 29.h4 Qh6 30.Rxd5 Rxc6 31.Rh5 Qxc1 32.Bxc1 Rxc1 33.Rxh7 Rc5
34.Rh5 e5 35.Qb3+ Kf8 36.Qxb6 Rec8 37.Qd6+ 1-0

[Event "XIX Festival A"]
[Site "Asti ITA"]
[Date "1998.12.09"]
[Round "5"]
[White "Barberi, Alessandro"]
[Black "Zak, Uriel"]
[Result "0-1"]
[WhiteElo "2160"]
[BlackElo "2355"]
[PlyCount "40"]
[EventDate "1998.12.05"]

1.d4 Nf6 2.c4 e6 3.Nf3 d5 4.Bg5 Be7 5.Nc3 Nbd7 6.e3 O-O 7.Qc2 h6 8.Bh4 c5 
9.dxc5 dxc4 10.c6 Nb6 11.Bg3 bxc6 12.Rd1 Nfd5 13.a3 Qe8 14.Ne4 e5 15.Nxe5 
f5 16.Nc3 Bf6 17.Bxc4 Bxe5 18.Nxd5 cxd5 19.Bxd5+ Nxd5 20.Rxd5 f4 0-1

[Event "XIX Festival A"]
[Site "Asti ITA"]
[Date "1998.12.09"]
[Round "5"]
[White "Borgo, Giulio"]
[Black "Lazarev, Vladimir"]
[Result "1-0"]
[WhiteElo "2445"]
[BlackElo "2450"]
[PlyCount "99"]
[EventDate "1998.12.05"]

1.e4 c5 2.Nf3 d6 3.d4 cxd4 4.Nxd4 Nf6 5.f3 Nc6 6.c4 Qb6 7.Nc2 g6 8.Nc3 Bg7
9.Rb1 O-O 10.Be3 Qd8 11.Be2 b6 12.O-O Bb7 13.Qd2 Re8 14.Rfd1 Rc8 15.Bg5 
Ne5 16.Ne3 h6 17.Bh4 Ned7 18.Rbc1 Kh7 19.b3 Qc7 20.Ned5 Qb8 21.Bf1 Bc6 22.
Re1 e6 23.Nb4 Bb7 24.Nb5 a5 25.Nc2 Bf8 26.Rcd1 d5 27.Bg3 Qa8 28.exd5 exd5 
29.Nd6 Bxd6 30.Bxd6 Rxe1 31.Rxe1 Re8 32.Ne3 dxc4 33.Bxc4 Nd5 34.Ng4 Rxe1+ 
35.Qxe1 h5 36.Nf2 Bc6 37.a4 Qd8 38.Ne4 f5 39.Nc3 N7f6 40.Bg3 Qf8 41.Bf2 
Qb4 42.Bd4 b5 43.axb5 Bxb5 44.Qe5 Bxc4 45.bxc4 Nxc3 46.Bxc3 Qb1+ 47.Kf2 
Qc2+ 48.Kg3 Ne4+ 49.fxe4 Qd3+ 50.Kh4 1-0

[Event "XIX Festival A"]
[Site "Asti ITA"]
[Date "1998.12.09"]
[Round "5"]
[White "Cebalo, Miso"]
[Black "Castaldo, Folco"]
[Result "1-0"]
[WhiteElo "2535"]
[BlackElo "2180"]
[PlyCount "75"]
[EventDate "1998.12.05"]

1.d4 Nf6 2.Nf3 e6 3.c4 b6 4.a3 Ba6 5.e3 d5 6.b3 Be7 7.Bd3 O-O 8.O-O c5 9.
Bb2 Nc6 10.Nbd2 cxd4 11.exd4 Rc8 12.Qe2 Re8 13.Rfd1 Bf8 14.h3 Ne7 15.Ne5 
Ng6 16.Nxg6 hxg6 17.Nf3 Bd6 18.Rac1 Qe7 19.Ne5 Bb7 20.a4 Rc7 21.a5 Rec8 
22.axb6 axb6 23.Ra1 Ra8 24.Qe3 Rcc8 25.Rac1 Nd7 26.Nxd7 Qxd7 27.c5 Bb8 28.
b4 bxc5 29.dxc5 Qc7 30.g3 e5 31.b5 d4 32.Qe2 Bd5 33.Be4 Bxe4 34.Qxe4 Ra5 
35.b6 Qc6 36.b7 Rc7 37.Qxe5 Qxb7 38.Rxd4 1-0

[Event "XIX Festival A"]
[Site "Asti ITA"]
[Date "1998.12.09"]
[Round "5"]
[White "Cugini, Verter"]
[Black "Arlandi, Ennio"]
[Result "0-1"]
[WhiteElo "2190"]
[BlackElo "2440"]
[PlyCount "116"]
[EventDate "1998.12.05"]

1.e4 c5 2.g3 Nc6 3.Bg2 g6 4.Ne2 Bg7 5.O-O e5 6.Nbc3 Nge7 7.Nd5 Nxd5 8.exd5
Ne7 9.c3 d6 10.d4 exd4 11.cxd4 b6 12.dxc5 bxc5 13.Qa4+ Bd7 14.Qa3 O-O 15.
Bd2 Re8 16.Bc3 Nf5 17.Bxg7 Kxg7 18.Qc3+ Kg8 19.Rfe1 a5 20.Nf4 Nd4 21.Rxe8+
Bxe8 22.Re1 Bb5 23.Bf1 Bd7 24.Ne2 Nb5 25.Qd2 a4 26.Qf4 Qe7 27.Rd1 Kg7 28.
h4 h5 29.Rd3 Bf5 30.Re3 Qf6 31.Qg5 Rb8 32.Qxf6+ Kxf6 33.Bg2 Bb1 34.Rf3+ 
Ke7 35.Rf4 Bc2 36.Rc4 Bd1 37.Re4+ Kf8 38.Re3 Bc2 39.Be4 Nd4 40.Bxc2 Nxc2 
41.Re4 Rxb2 42.Rxa4 Nb4 43.Nc3 Rd2 44.Ra8+ Kg7 45.Rd8 Nxa2 46.Nxa2 Rxa2 
47.Rxd6 Rd2 48.Rd7 Kf6 49.Kg2 Ke5 50.Re7+ Kf6 51.Rd7 Rd3 52.f4 c4 53.Rc7 
c3 54.Kh3 Kf5 55.Rc4 f6 56.Rc6 Ke4 57.Rxf6 Kxd5 58.Rf8 Kd4 0-1

[Event "XIX Festival A"]
[Site "Asti ITA"]
[Date "1998.12.09"]
[Round "5"]
[White "Faraoni, Enrico"]
[Black "Sulava, Nenad"]
[Result "1/2-1/2"]
[WhiteElo "2190"]
[BlackElo "2380"]
[PlyCount "119"]
[EventDate "1998.12.05"]

1.e4 g6 2.d4 Bg7 3.f4 d5 4.e5 f6 5.Nf3 Nh6 6.Bd3 O-O 7.O-O Bg4 8.h3 Bxf3 
9.Rxf3 e6 10.Be3 c5 11.c3 cxd4 12.cxd4 Nc6 13.Nc3 fxe5 14.fxe5 Rxf3 15.
Qxf3 Qb6 16.Ne2 Rf8 17.Qg3 Ne7 18.Qe1 Nhf5 19.Bf2 Nc6 20.Bxf5 Rxf5 21.Qd2 
Nxe5 22.b3 Nc6 23.Rc1 Qd8 24.b4 Qf8 25.Be3 Nxb4 26.Rb1 Nc6 27.Rxb7 Rf1+ 
28.Kh2 e5 29.Ng3 Rf7 30.Rxf7 Qxf7 31.Ne2 exd4 32.Nxd4 Ne5 33.Qf2 Nc4 34.
Qxf7+ Kxf7 35.Bf2 Be5+ 36.g3 Bxd4 37.Bxd4 a6 38.Kg2 Ke6 39.Kf3 Nd6 40.g4 
Nf7 41.Kf4 g5+ 42.Ke3 Ne5 43.Bc3 Kd6 44.Bb4+ Ke6 45.Bc3 Ng6 46.Kf3 Kf7 47.
Bd2 Ne5+ 48.Ke2 Kg6 49.Bc3 Nc6 50.Kd3 h5 51.a4 h4 52.a5 Nd8 53.Kd4 Ne6+ 
54.Kxd5 Nf4+ 55.Kc6 Nxh3 56.Kb6 Nf4 57.Bd4 Ne2 58.Be5 Nf4 59.Bd4 Ne2 60.
Be5 1/2-1/2

[Event "XIX Festival A"]
[Site "Asti ITA"]
[Date "1998.12.09"]
[Round "5"]
[White "Flear, Glenn Curtis"]
[Black "Naumkin, Igor"]
[Result "0-1"]
[WhiteElo "2450"]
[BlackElo "2475"]
[PlyCount "64"]
[EventDate "1998.12.05"]

1.d4 Nf6 2.c4 e6 3.g3 d5 4.Bg2 Be7 5.Nf3 O-O 6.O-O dxc4 7.Qc2 a6 8.Qxc4 b5
9.Qc2 Bb7 10.Bf4 Bd6 11.Nbd2 Nbd7 12.Rac1 Bxf4 13.gxf4 Nd5 14.e3 Rc8 15.
Nb3 f5 16.Na5 Ba8 17.Nc6 Qe8 18.Nfe5 Nxe5 19.fxe5 f4 20.Qc5 f3 21.Bh3 Qg6+
22.Kh1 Qh6 23.Bg4 Rce8 24.Rce1 Qh4 25.Rg1 Qxf2 26.Bxe6+ Rxe6 27.Qxd5 Re8 
28.Rc1 Qxe3 29.Rc3 f2 30.Rf1 Qxc3 31.Ne7+ Kf7 32.bxc3 Kxe7 0-1